00630nam a2200169Ia 4500003000900000008004100009020001800050040001600068080001600084245012700100260003800227300001600265650002700281650004400308650004300352700006500395IN-BaIIA211028s9999 xx 000 0 eng d a0-471-12141-X cIIA Library a629.19bSPA 0aSpace vehicle mechanismsbelements of successful designcedited by P. L. Conley  aNew YorkbJohn Wiley & Sonsc1998 axvi, 794 p. aMechanical engineering aSpace vehicle - design and construction aSpace vehicle - equipment and supplies aConley, P. L., ed.